Statistics for European Capitals - Hard

Click here to take the quiz!

General Stats

  • This quiz has been taken 53 times
  • The average score is 14 of 15

Answer Stats

CountryAnswer% Correct
LuxembourgLuxembourg
98%
LatviaRiga
98%
EstoniaTallin
96%
LiechtensteinVaduz
96%
BelarusMinsk
94%
Bosnia and HerzegovinaSarajevo
94%
LithuaniaVilnius
92%
CroatiaZagreb
92%
SlovakiaBratislava
90%
SloveniaLjubljana
90%
AlbaniaTirana
88%
KosovoPristina
86%
MacedoniaSkopje
86%
MontenegroPodgorica
84%
MoldovaChisinau
82%

Score Distribution

Percentile by Number Answered

Percent of People with Each Score

Your Score History

You have not taken this quiz